000 00855nam a2200253 a 4500
008
020 _a0333669908 (pbk.)
049 _aMAIN
090 _aRA664.A25FAC
245 0 0 _aFacing up to AIDS :
_bthe socio-economic impact in Southern Africa /
_cedited by Sholto Cross and Alan Whiteside.
260 _aHoundmills, Essex :
_bMacmillan,
_c1996.
300 _axii, 331 p. :
_bill. ;
_c22 cm.
504 _aIncludes bibliographical references.
500 _aIncludes index.
650 0 _aAIDS (Disease)
_zAfrica, Southern
_xSocial aspects.
650 0 _aAIDS (Disease)
_zAfrica, Southern
_xEconomic aspects.
700 1 _aCross, Sholto.
700 1 _aWhiteside, Alan.
907 _a.b10025625
_b09-02-12
_c17-04-03
003
005 20230120203831.0
040 _cNUST
942 _cBOOKS
_kRA664.A25FAC
999 _c112305
_d112305